000
00276nam a2200121Ia 4500
008
191201s2007 xx 000 0 und d
100
_a
LIPPMAN, Stanley
245
0
_a
C++ Primer
260
_a
N. delhi
_b
Pearson
_c
2007
300
_a
885
650
_a
B.Tech(CSE)
942
_2
ddc
_c
BK
999
_c
299
_d
299